| 000 | 00498nam a2200181Ia 4500 | ||
|---|---|---|---|
| 008 | 100920s9999 xx 000 0 und d | ||
| 082 |
_b70731 _a24 थ 97 |
||
| 100 | _aदेशपांडे पु.ल. | ||
| 245 | _aदाद. | ||
| 260 |
_bमौज प्रकाशन ग्रह . मुंबई. _c1997 |
||
| 300 |
_a198 _bसाधी |
||
| 365 | _b100 | ||
| 520 | _aसायो. | ||
| 630 | _aदाद. | ||
| 650 | _aसायो. | ||
| 730 | _aदाद. | ||
| 942 | _cBOOK | ||
| 999 |
_c712714 _d712711 |
||